Statistics for NBA Players with +2000 3pt in regular season

Click here to take the quiz!

General Stats

  • This quiz has been taken 93 times
  • The average score is 8 of 14

Answer Stats

3pt madePlayers% Correct
3376Stephen Curry
100%
2243LeBron James
94%
2973Ray Allen
91%
2748James Harden
88%
2560Reggie Miller
81%
2202Klay Thompson
75%
2387Damian Lillard
56%
2450Kyle Korver
44%
2290Vince Carter
44%
2010Paul George
38%
2282Jason Terry
28%
2073Kyle Lowry
28%
2221Jamal Crawford
25%
2143Paul Pierce
25%

Score Distribution

Percentile by Number Answered

Percent of People with Each Score

Your Score History

You have not taken this quiz